| Registos Bibliográficos associados ao registo de autoridade |
|
Etiqueta de registo: 00000nkm 2200025 450 001 2276293 003 http://id.bnportugal.gov.pt/bib/catbnp/2276293 100 ## $a20260305d1995 m y0pory01030103ba 101 0# $apor$aspa 102 ## $aPT 200 1# $aNorférias 95, 4º Salão de Férias e Turismo, EXPONOR, Feira Internacional do Porto,
26-30 abril$bVisual gráfico]$fAssociação Industrial Portuense 210 #9 $a[Porto]$cAssociação Industrial Portuense,$d1995$e[Porto] :$gNTM Nortimagem) 215 ## $a1 cartaz$ccolor.$d67,7x47,8 cm 317 ## $aColeção Madeira Luís 710 01 $aSalão de Férias e Turismo,$d4,$ePorto,$f1995$31993497 712 02 $aAssociação Industrial Portuense$3151 712 02 $aEXPONOR$336187 801 #0 $aPT$bBN$gRPC 966 ## $lBN$mICONOG$sCT. 23503 A.$x3 971 ## $cCaticonografia7$d20260305 995 ## $aPRR2026
|
|
|